Cyclisme : Palmarès Amstel Gold Race !!! - Statistiques

Statistiques générales
  • Ce quiz a été pris 105 fois
  • Le résultat moyen est 25 sur 58
Statistiques - réponses
Anneés Pays Prénoms Noms % Correct
2023 🇸🇮 Tadej Pogacar
100%
2021 🇧🇪 Wout Van Aert
99%
2019 🇳🇱 Matthieu Van der Poel
99%
1990 🇳🇱 Adrie Van der Poel
99%
2017 🇧🇪 Philippe Gilbert
98%
2014 🇧🇪 Philippe Gilbert
98%
2011 🇧🇪 Philippe Gilbert
98%
2010 🇧🇪 Philippe Gilbert
98%
2022 🇵🇱 Michal Kwiatkowski
88%
2015 🇵🇱 Michal Kwiatkowski
88%
2003 🇰🇿 Alexandre Vinokourov
72%
2013 🇨🇿 Roman Kreuziger
71%
2006 🇱🇺 Fränk Schleck
70%
1975 🇧🇪 Eddy Merckx
67%
1973 🇧🇪 Eddy Merckx
67%
1997 🇩🇰 Bjarne Riis
63%
1981 🇨🇵 Bernard Hinault
62%
2008 🇮🇹 Damiano Cunego
59%
2000 🇩🇪 Erik Zabel
58%
2004 🇮🇹 Davide Rebellin
54%
2018 🇩🇰 Michael Valgren
52%
2016 🇮🇹 Enrico Gasparotto
49%
2012 🇮🇹 Enrico Gasparotto
49%
1976 🇧🇪 Freddy Maertens
44%
2020 Annuler Annuler
42%
2002 🇮🇹 Michele Bartoli
42%
1994 🇧🇪 Johan Museeuw
42%
1987 🇳🇱 Joop Zoetemelk
40%
1983 🇦🇺 Phil Anderson
39%
1982 🇳🇱 Jan Raas
37%
1980 🇳🇱 Jan Raas
37%
1979 🇳🇱 Jan Raas
37%
1978 🇳🇱 Jan Raas
37%
1977 🇳🇱 Jan Raas
37%
2001 🇳🇱 Erik Dekker
33%
1999 🇳🇱 Michael Boogerd
31%
2007 🇩🇪 Stefan Schumacher
28%
1992 🇩🇪 Olaf Ludwig
26%
2009 🇷🇺 Sergueï Ivanov
25%
1966 🇨🇵 Jean Stablinski
25%
1995 🇨🇭 Mauro Gianetti
22%
1986 🇳🇱 Steven Rooks
19%
1985 🇳🇱 Gerrie Knetemann
17%
1974 🇳🇱 Gerrie Knetemann
17%
1972 🇧🇪 Walter Planckaert
15%
1991 🇳🇱 Frans Maassen
11%
1988 🇳🇱 Jelle Nijdam
11%
1971 🇧🇪 Frans Verbeeck
8%
1998 🇨🇭 Rolf Jaermann
6%
1993 🇨🇭 Rolf Jaermann
6%
1969 🇧🇪 Guido Reybrouck
6%
2005 🇮🇹 Danilo Si Luca
6%
1984 🇳🇱 Jacques Hanegraaf
5%
1970 🇧🇪 Georges Pintens
5%
1989 🇧🇪 Eric Van Lancker
5%
1967 🇳🇱 Arie Den Hartog
4%
1968 🇳🇱 Harry Steevens
4%
1996 🇮🇹 Stefano Zanini
4%
Aucun quiz correspondant
Distribution des résultats
% des personnes avec chaque résultat
Percentile par nombre de réponses
Votre historique - résultats
Vous n’avez pas pris ce quiz